Výber zamestnancov v obecnej samospráve obce Domaňovce diplomová práca

Salvato in:
Dettagli Bibliografici
Autore principale: Kočišová, Jana
Ente Autore: Podnikovohospodárska fakulta EU so sídlom v Košiciach. Katedra manažmentu
Altri autori: Mihalčová, Bohuslava, 1963-
Natura: Libro
Lingua:slovacco
Pubblicazione: Košice 2010
Tags: Aggiungi Tag
Nessun Tag, puoi essere il primo ad aggiungerne!!

MARC

LEADER 00000nam$a2200000$$$4500
001 0122373
005 20240318123803.8
041 0 |a slo 
044 |a SK 
245 1 0 |a Výber zamestnancov v obecnej samospráve obce Domaňovce  |b diplomová práca  |c Jana Kočišová ; škol. Bohuslava Mihalčová 
264 1 |a Košice  |c 2010 
300 |a 81 s. 
100 1 |a Kočišová, Jana 
700 1 |a Mihalčová, Bohuslava, 1963- 
710 2 |a Podnikovohospodárska fakulta EU so sídlom v Košiciach. Katedra manažmentu